Online
Catalog

Intoxicaciones con pesticidas : (Record no. 48922)

MARC details
000 -CABECERA
campo de control de longitud fija 00681nam a22001937a 4500
003 - IDENTIFICADOR DEL NÚMERO DE CONTROL
campo de control OSt
005 - FECHA Y HORA DE LA ÚLTIMA TRANSACCIÓN
campo de control 20201019153957.0
008 - DATOS DE LONGITUD FIJA--INFORMACIÓN GENERAL
campo de control de longitud fija 201019b 1981 dr 00| 0 eng d
040 ## - FUENTE DE LA CATALOGACIÓN
Centro catalogador/agencia de origen DO-SdBNP
Lengua de catalogación spa
Centro/agencia transcriptor BNPHU
100 1# - ENTRADA PRINCIPAL--NOMBRE DE PERSONA
Nombre de persona Blanco de Fermín, Rosario
9 (RLIN) 76962
245 10 - MENCIÓN DE TÍTULO
Título Intoxicaciones con pesticidas :
Resto del título sintomatología y terapia /
Mención de responsabilidad, etc. Rosario Blanco de Fermín.
260 ## - PUBLICACIÓN, DISTRIBUCIÓN, ETC.
Lugar de publicación, distribución, etc. Santo Domingo :
Nombre del editor, distribuidor, etc. Secretaría de Estados de Agricultura; Sociedad Alemana de Cooperación Técnica,
Fecha de publicación, distribución, etc. 1981.
300 ## - DESCRIPCIÓN FÍSICA
Extensión 226 p.
Dimensiones 23 cm.
490 1# - MENCIÓN DE SERIE
Mención de serie Toxic
Designación de volumen o secuencia 1
505 ## - NOTA DE CONTENIDO CON FORMATO
Nota de contenido con formato Bibliografía: p.225-226.
650 #4 - PUNTO DE ACCESO ADICIONAL DE MATERIA--TÉRMINO DE MATERIA
Término de materia o nombre geográfico como elemento de entrada Toxicología de plaguicidas
9 (RLIN) 76963
830 ## - PUNTO DE ACCESO ADICIONAL DE SERIE-TÍTULO UNIFORME
Título uniforme Toxic, 1
9 (RLIN) 76964
942 ## - ELEMENTOS DE PUNTO DE ACCESO ADICIONAL (KOHA)
Fuente del sistema de clasificación o colocación Dewey Decimal Classification
Tipo de ítem Koha Libro
Holdings
Estado de retiro Estado de pérdida Fuente del sistema de clasificación o colocación No para préstamo Código de colección Localización permanente Ubicación/localización actual Fecha de adquisición Fuente de adquisición Total de préstamos Fecha visto por última vez Precio válido a partir de Tipo de ítem Koha
    Dewey Decimal Classification   Monografías: Libros y Folletos Patrimonio Dominicano Patrimonio Dominicano 19.10.2020 Luciano M. P.   19.10.2020 19.10.2020 Libro

Powered by Koha